|
|
|
|
| LEADER |
00000nab a2200000 a 4500 |
| 001 |
vtls000376473 |
| 003 |
SK-MaSNL |
| 005 |
20260305004234.0 |
| 008 |
230120c1990 xo 0 slo |
| 015 |
|
|
|a SNBRB19rr/mm-uuuuu
|
| 035 |
|
|
|a CL0376595
|
| 035 |
|
|
|a urn:nbn:sk:snk-abbkag
|
| 035 |
|
|
|a (urnnbn)urn:nbn:sk:snk:ar-0061z3
|
| 035 |
|
|
|a (uuid)0d97753b-b463-4de5-a4c6-e3a3934f690b
|
| 040 |
|
|
|a SNKBUCL
|b slo
|c SNKBUCL
|e AACR2
|
| 041 |
0 |
|
|a slo
|
| 044 |
|
|
|a xo
|c SK
|
| 080 |
|
|
|a 632.952:633.11
|2 1981
|
| 080 |
|
|
|a 633.11
|2 1981
|
| 080 |
|
|
|a 632.952
|2 1981
|
| 100 |
1 |
|
|a Huszár, Jozef,
|d 1944-
|4 aut
|9 6056
|
| 245 |
1 |
0 |
|a Reakcia odrôd ozimnej pšenice na fungicídy
|c Jozef Huszár, Stanislav Rusko
|
| 300 |
|
|
|b Tb. 3., lit. 6 zázn. v češ., maď.
|
| 650 |
0 |
7 |
|a hubové choroby rastlín
|2 snkbucl
|9 57801
|
| 650 |
0 |
7 |
|a ozimná pšenica
|2 snkbucl
|9 28625
|
| 650 |
0 |
7 |
|a fungicídy
|2 snkbucl
|9 15201
|
| 655 |
|
7 |
|a články z novín a časopisov
|2 snkbucl
|9 267496
|
| 700 |
1 |
|
|a Rusko, Stanislav
|4 aut
|9 1318496
|
| 773 |
0 |
|
|t Agrochémia
|g Roč. 30, č. 2 (1990), s. 49-50
|
| 850 |
|
|
|a Slovenská národná knižnica v Martine
|a MTA001
|
| 852 |
|
|
|a SNK
|b KIS3GCP
|
| 954 |
|
|
|a odborná, vedecká literatúra pôvodná (slovenská)
|2 lita
|
| 958 |
|
|
|a OND
|
| 958 |
|
|
|a NB
|
| 958 |
|
|
|a RK
|
| 958 |
|
|
|a EUIPO
|
| 958 |
|
|
|a article15
|
| 992 |
|
|
|a RBX
|
| 999 |
|
|
|c 3234613
|d 3236543
|